000
00501nam a2200181Ia 4500
008
090124s9999 xx 000 0 und d
082
_b
118397
100
_a
भागवत यशवंत
245
_a
मुग्धकालका
250
_a
1
260
_c
1980
300
_a
195
600
_a
भागवत यशवंत
630
_a
मुग्धकालका
700
_a
भागवत यशवंत
730
_a
मुग्धकालका
942
_c
BOOK
999
_c
164483
_d
164483